Le personnage de roman (notice n° 1567220)

détails MARC
000 -LEADER
fixed length control field 01073cam a2200133 4500500
005 - DATE AND TIME OF LATEST TRANSACTION
control field 20251214002629.0
041 ## - LANGUAGE CODE
Language code of text/sound track or separate title fre
042 ## - AUTHENTICATION CODE
Authentication code dc
100 10 - MAIN ENTRY--PERSONAL NAME
Personal name Helms, Laure
Relator term author
245 00 - TITLE STATEMENT
Title Le personnage de roman
260 ## - PUBLICATION, DISTRIBUTION, ETC.
Name of publisher, distributor, etc. Armand Colin,<br/>
Date of publication, distribution, etc. 2018.<br/>
520 ## - SUMMARY, ETC.
Summary, etc. Le personnage est au cœur de toute réflexion sur le roman : c’est autour de lui que se construit l’intrigue, et c’est également lui qui polarise l’attention du lecteur. Comment le romancier parvient-il à donner consistance à ce « vivant sans entrailles » ? À quelles techniques recourt-il pour créer un « effet-personnage » conduisant le lecteur à s’engager dans sa rencontre avec cet être de fiction ? Quelle a été l’évolution du personnage de roman au cours des siècles ? Cet ouvrage aborde ces questions essentielles sous un angle théorique, stylistique et historique, en s’attachant à dégager les principaux enjeux de l’esthétique du roman.
856 41 - ELECTRONIC LOCATION AND ACCESS
Uniform Resource Identifier <a href="https://shs.cairn.info/le-personnage-de-roman--9782200617714?lang=fr&redirect-ssocas=7080">https://shs.cairn.info/le-personnage-de-roman--9782200617714?lang=fr&redirect-ssocas=7080</a>

Pas d'exemplaire disponible.

PLUDOC

PLUDOC est la plateforme unique et centralisée de gestion des bibliothèques physiques et numériques de Guinée administré par le CEDUST. Elle est la plus grande base de données de ressources documentaires pour les Étudiants, Enseignants chercheurs et Chercheurs de Guinée.

Adresse

627 919 101/664 919 101

25 boulevard du commerce
Kaloum, Conakry, Guinée

Réseaux sociaux

Powered by Netsen Group @ 2025